Полный вперед! Русский язык как иностранный. Грамматический справочник в таблицах и схемах (начальный и средний этапы): учебное пособие

Detaylı Bibliyografya
Yazar: Потураева Е. А. Евгения Александровна
Müşterek Yazar: Национальный исследовательский Томский политехнический университет
Diğer Yazarlar: Ильиных О. В. Ольга Викторовна
Özet:Заглавие с титульного экрана
Справочник содержит 70 таблиц по практической грамматике русского языка в рамках 1-го сертификационного уровня, методический комментарий для начинающих преподавателей и пояснения к таблицам для изучающих русский язык. Справочник рекомендован для использования в вузах, на курсах русского языка как иностранного, как при аудиторной, так и самостоятельной работе
Режим доступа: из корпоративной сети ТПУ
Dil:Rusça
Baskı/Yayın Bilgisi: Томск, Изд-во ТПУ, 2013
Konular:
Online Erişim:http://www.lib.tpu.ru/fulltext2/m/2013/m352.pdf
Materyal Türü: MixedMaterials Elektronik Kitap
KOHA link:https://koha.lib.tpu.ru/cgi-bin/koha/opac-detail.pl?biblionumber=246827

MARC

LEADER 00000nlm0a2200000 4500
001 246827
005 20250529161305.0
035 |a (RuTPU)RU\TPU\book\268294 
090 |a 246827 
100 |a 20131210d2013 m y0rusy50 ca 
101 0 |a rus 
102 |a RU 
105 |a a j 001zy 
135 |a drcn ---uucaa 
181 0 |a i  
182 0 |a b 
200 1 |a Полный вперед! Русский язык как иностранный. Грамматический справочник в таблицах и схемах (начальный и средний этапы)  |e учебное пособие  |f Е. А. Потураева, О. В. Ильиных  |g Национальный исследовательский Томский политехнический университет (ТПУ), Институт международного образования и языковой коммуникации (ИМОЯК), Кафедра русского языка как иностранного (РКИ) 
203 |a Текст  |c электронный 
210 |a Томск  |c Изд-во ТПУ  |d 2013 
300 |a Заглавие с титульного экрана 
330 |a Справочник содержит 70 таблиц по практической грамматике русского языка в рамках 1-го сертификационного уровня, методический комментарий для начинающих преподавателей и пояснения к таблицам для изучающих русский язык. Справочник рекомендован для использования в вузах, на курсах русского языка как иностранного, как при аудиторной, так и самостоятельной работе 
333 |a Режим доступа: из корпоративной сети ТПУ 
337 |a Adobe Reader 
452 1 |0 (RuTPU)RU\TPU\book\267727  |t Полный вперед! Русский язык как иностранный. Грамматический справочник в таблицах и схемах (начальный и средний этапы)  |o учебное пособие  |f Е. А. Потураева, О. В. Ильиных  |g Национальный исследовательский Томский политехнический университет (ТПУ)  |c Томск  |n Изд-во ТПУ  |d 2013  |p 126 с.  |a Потураева, Евгения Александровна 
606 1 |a Русский язык  |x Для других народов  |x Учебные руководства и пособия  |2 stltpush  |3 (RuTPU)RU\TPU\subj\26400  |9 50340 
610 1 |a электронный ресурс 
610 1 |a труды учёных ТПУ 
610 1 |a учебные пособия 
610 1 |a научные коммуникации 
610 1 |a лексико-грамматические навыки 
610 1 |a иностранные учащиеся 
610 1 |a русский как иностранный 
610 1 |a грамматические упражнения 
686 |a Ш141.2-96  |2 rubbk 
700 1 |a Потураева  |b Е. А.  |c лингвист  |c доцент Томского политехнического университета, кандидат филологических наук  |f 1977-  |g Евгения Александровна  |3 (RuTPU)RU\TPU\pers\24591  |9 10889 
701 1 |a Ильиных  |b О. В.  |c лингвист  |c старший преподаватель Томского политехнического университета  |f 1978-  |g Ольга Викторовна  |3 (RuTPU)RU\TPU\pers\31588 
712 0 2 |a Национальный исследовательский Томский политехнический университет  |c (2009- )  |9 26305 
801 2 |a RU  |b 63413507  |c 20131217  |g RCR 
850 |a 63413507 
856 4 |u http://www.lib.tpu.ru/fulltext2/m/2013/m352.pdf 
942 |c CF